Statistics for High School Musical songs

Click here to take the quiz!

General Stats

  • This quiz has been taken 102 times
  • The average score is 18 of 29

Answer Stats

Song No.Song% Correct
1.Start of something new
87%
7.Breaking free
83%
8.We're all in this together
82%
2.Get'cha head in the game
80%
15.Gotta go my own way
79%
10.Fabulous
76%
16.Bet on it
75%
12.You are the music in me
74%
17.Everyday
72%
6.Bop to the top
67%
9.What time is it?
67%
29.High school musical
64%
22.Can i have this dance?
63%
4.Stick to the status quo
62%
25.The boys are back
62%
11.Work this out
61%
27.Scream
58%
14.I don't dance
57%
3.What i've been looking for
57%
20.Right here, right now
55%
5.When there was me and you
55%
18.All for one
53%
23.A night to remember
50%
13.humuhumunukunukuapua'a
46%
21.I want it all
45%
19.Now or never
45%
26.Walk away
42%
24.Just wanna be with you
39%
28.Senior year spring musical
11%

Score Distribution

Percentile by Number Answered

Percent of People with Each Score

Your Score History

You have not taken this quiz